<?xml version="1.0" encoding="UTF-8"?>
<record
    xmlns:xsi="http://www.w3.org/2001/XMLSchema-instance"
    xsi:schemaLocation="http://www.loc.gov/MARC21/slim http://www.loc.gov/standards/marcxml/schema/MARC21slim.xsd"
    xmlns="http://www.loc.gov/MARC21/slim">

  <leader>00531nam a22001577a 4500</leader>
  <controlfield tag="003">LK-CoDNM</controlfield>
  <controlfield tag="005">20240919105055.0</controlfield>
  <controlfield tag="008">240919b        |||||||| |||| 00| 0 eng d</controlfield>
  <datafield tag="040" ind1=" " ind2=" ">
    <subfield code="a">LK-CoDNM</subfield>
    <subfield code="d">LK-CoDNM</subfield>
    <subfield code="e">LK-CoDNM</subfield>
  </datafield>
  <datafield tag="041" ind1=" " ind2=" ">
    <subfield code="a">sin</subfield>
  </datafield>
  <datafield tag="100" ind1=" " ind2=" ">
    <subfield code="a">&#xDB4;&#xDD0;&#xDC5;&#xDD1;&#xDAB;&#xDDA; &#xDC1;&#xDCA;&#x200D;&#xDBB;&#xDD3; &#xDC0;&#xDA2;&#xDCA;&#x200D;&#xDBB;&#xDA5;&#xDCF;&#xDB1; </subfield>
  </datafield>
  <datafield tag="245" ind1=" " ind2=" ">
    <subfield code="a">&#xDB4;&#xDBB;&#xDDC;&#xDB4;&#xD9A;&#xDCF;&#xDBB;&#xDBA; &#xDC3;&#xDC4; &#xDD2;&#xDAD;&#xDCA;&#x200D;&#xDBB;&#xDBA;&#xDCF; </subfield>
  </datafield>
  <datafield tag="260" ind1=" " ind2=" ">
    <subfield code="a">&#xDC1;&#xDCA;&#x200D;&#xDBB;&#xDD3; &#xDBD;&#xD82;&#xD9A;&#xDCF; &#xDB8;&#xDD4;&#xDAF;&#xDCA;&#x200D;&#xDBB;&#xDAB;&#xDCF;&#xDBD;&#xDBA; </subfield>
    <subfield code="b">&#xDB4;&#xDD2;&#xDC5;&#xDD2;&#xDBA;&#xDB1;&#xDCA;&#xDAF;&#xDBD;</subfield>
    <subfield code="c">1952</subfield>
  </datafield>
  <datafield tag="300" ind1=" " ind2=" ">
    <subfield code="a">36p ; 18cm</subfield>
  </datafield>
  <datafield tag="942" ind1=" " ind2=" ">
    <subfield code="c">BK</subfield>
  </datafield>
  <datafield tag="952" ind1=" " ind2=" ">
    <subfield code="0">0</subfield>
    <subfield code="1">0</subfield>
    <subfield code="4">1</subfield>
    <subfield code="7">0</subfield>
    <subfield code="8">OBC</subfield>
    <subfield code="a">MAIN</subfield>
    <subfield code="b">MAIN</subfield>
    <subfield code="c">REF</subfield>
    <subfield code="d">2024-09-19</subfield>
    <subfield code="l">0</subfield>
    <subfield code="p">OB8680-2</subfield>
    <subfield code="r">2024-09-19</subfield>
    <subfield code="w">2024-09-19</subfield>
    <subfield code="y">BK</subfield>
  </datafield>
  <datafield tag="999" ind1=" " ind2=" ">
    <subfield code="c">152359</subfield>
    <subfield code="d">152359</subfield>
  </datafield>
</record>
